1146 1442 1871 1185 1261 1028 1291 1407 1367 1441 1940 1226 1025 1191 1081 1555 1651 1665 1691 1792 1820 1627 1992 1036 1964 1936 1064 1489 1968 1820 1013 1278 1371 1185 1793 1014 1797 1724 1676 1146 1237 1543 1243 1393 1713 1261 1587 1390 1481 1019 1553 1886 1676 1137 1370 1991 1365 1910 1566 1820 1516 1004 1620 1060 1972 1375 1113 1873 1871 1140 1294 1849 1665 1268 1061 1509 1169 1680 1910 1891 1820 1404 1526 1723 1287 1638 1994 1240 1244 1889 1597 1884 1912 1556 1303 1702 1712 1057 1383 BCNSPRNW ULIB Ver.6.0+V

เปลี่ยนเป็นภาษาไทย

Change to English
 แสดงรายละเอียดบรรณานุกรม
  กลับหน้าหลัก

Brief Record : Get Marc (ISO 2709) : E-mail record : QR code < ปิดหน้าต่าง
LEADER : 00000nam 2200000uu 4500
001    13399107785
003     ULIB
008    110203s2547||||th 000 0 tha d
020    974958709X
060 04 WY161^bอ779ป 2547
245 00 ประเด็นและแนวโน้มในการพยาบาลผ่าตัด 2 =^bIssues and trendsin perioperative care 2 /^cอุษาวดี อัศดรวิเศษ
246 31 Issues and trends in perioperative care
260    กรุงเทพฯ :^bภาควิชาการพยาบาลศัลยศาสตร์ คณะพยาบาลศาสตร์มหาวิทยาลัยมหิดล,^c2547
300    105 หน้า :^bภาพประกอบ ;^c27 ซม.
504    บรรณานุกรม
650  7 พยาบาลห้องผ่าตัด
650  7 ศัลยศาสตร์^xการพยาบาล
700 0  อุษาวดี อัศดรวิเศษ,^eบรรณาธิการ
710 2  มหาวิทยาลัยมหิดล. ^bคณะพยาบาลศาสตร์.^bภาควิชาการพยาบาลศัลยศาสตร์
945    ^p100^l0^i17879
945    ^p100^l0^i17880
995    เกษร
999    ^aใช้งานได้ทุกระบบ
รายการนี้ยังไม่มีแท็ก
คุณยังไม่ได้ล็อกอิน คุณสามารถมีกิจกรรมร่วมกับเว็บไซต์ได้ แต่ต้องล็อกอินก่อน ::
  ล็อกอิน

รายการสื่อสารสนเทศ

ลำดับที่ ประเภท เลขเรียก/บาร์โค้ด สถานที่ สถานะ
1. Book การพยาบาล
Book การพยาบาล
สถานะ=หนังสือเก่า
WY161 อ779ป 2547  
  Barcode: 17879
ห้องสมุดวิทยาเขตนครสวรรค์
►หนังสือทั่วไป:l:General Books
บนชั้น
2. Book การพยาบาล
Book การพยาบาล
WY161 อ779ป 2547 ฉ.2 
  Barcode: 17880
ห้องสมุดวิทยาเขตนครสวรรค์
►หนังสือทั่วไป:l:General Books
ถูกยืม กำหนดส่งวันที่ 11 พฤษภาคม 2558
  จอง

รายการใกล้เคียง
    หัวเรื่อง [พยาบาลห้องผ่าตัด]
    หัวเรื่อง [ศัลยศาสตร์ การพยาบาล]

BibComment


ยังไม่เคยถูกคอมเมนท์

คอมเมนท์ทรัพยากรรายการนี้
  คอมเมนท์: ประเด็นและแนวโน้ม..


 Copyright 2026. Bcnsprnw @Library